Thermal environmental engineering (Record no. 13003)

000 -LEADER
fixed length control field 00498nam a2200193 4500
001 - CONTROL NUMBER
control field 13003
003 - CONTROL NUMBER IDENTIFIER
control field BD-DhUET
008 - FIXED-LENGTH DATA ELEMENTS--GENERAL INFORMATION
fixed length control field 700513s1970 njuad b 001 0 eng
020 ## - INTERNATIONAL STANDARD BOOK NUMBER
International Standard Book Number 139147217
040 ## - CATALOGING SOURCE
Original cataloging agency DLC
Transcribing agency DLC
Modifying agency BD-DhUET
082 ## - DEWEY DECIMAL CLASSIFICATION NUMBER
Classification number 697.93
Item number THR/1970
100 1# - MAIN ENTRY--PERSONAL NAME
Personal name Threlkeld, James L.
245 10 - TITLE STATEMENT
Title Thermal environmental engineering
250 ## - EDITION STATEMENT
Edition statement 2nd ed.
260 ## - PUBLICATION, DISTRIBUTION, ETC. (IMPRINT)
Place of publication, distribution, etc. New Jersey
Name of publisher, distributor, etc. Prentice-Hall
Date of publication, distribution, etc. 1970
300 ## - PHYSICAL DESCRIPTION
Extent xvi, 495 p.
Other physical details illus.
Dimensions 25 cm.
650 #0 - SUBJECT ADDED ENTRY--TOPICAL TERM
Topical term or geographic name as entry element Air Conditioning
942 ## - ADDED ENTRY ELEMENTS (KOHA)
Koha item type General Book
Holdings
Shelving location Location (home branch) Lost status Koha full call number Price effective from Koha date last seen Koha item type Piece designation (barcode) Copy number Not for loan Withdrawn status Sublocation or collection (holding branch) Damaged status Koha normalized classification for sorting Date acquired Source of classification or shelving scheme
Circulation sectionCentral Library, BUET 697.93/THR/19702015-02-282015-02-28General Book479701  Central Library, BUET 697_930000000000000_THR_19702015-02-28 
Circulation sectionCentral Library, BUET 697.93/THR/19702015-02-282015-02-28General Book556622  Central Library, BUET 697_930000000000000_THR_19702015-02-28 
Circulation sectionCentral Library, BUET 697.93/THR/19702015-05-172015-05-17General Book176893  Central Library, BUET 697_930000000000000_THR_19702015-05-17 
Circulation sectionCentral Library, BUET 697.93/THR/19702015-05-172015-05-17General Book176904  Central Library, BUET 697_930000000000000_THR_19702015-05-17 
Circulation sectionCentral Library, BUET 697.93/THR/19702015-05-172015-05-17General Book176915  Central Library, BUET 697_930000000000000_THR_19702015-05-17 
Circulation sectionCentral Library, BUET 697.93/THR/19702015-05-172015-05-17General Book176926  Central Library, BUET 697_930000000000000_THR_19702015-05-17 
Circulation sectionCentral Library, BUET 697.93/THR/19702015-05-172015-05-17General Book176937  Central Library, BUET 697_930000000000000_THR_19702015-05-17 
Circulation sectionCentral Library, BUET 697.93/THR/19702015-05-172015-05-17General Book194428  Central Library, BUET 697_930000000000000_THR_19702015-05-17 
Circulation sectionCentral Library, BUET 697.93/THR/19702015-05-172015-05-17General Book253339  Central Library, BUET 697_930000000000000_THR_19702015-05-17 
Circulation sectionCentral Library, BUET 697.93/THR/19702015-05-172015-05-17General Book2533410  Central Library, BUET 697_930000000000000_THR_19702015-05-17